{"text_format":"2","workbook":"xlsx","n_sheets":1,"sheets":["RV1106_Board"],"not_rendered":{"charts":0,"images":0,"macros":0,"external_links":0,"defined_names":2,"comments":0,"pivot_tables":0},"unopened":[],"bounds":{"document_bytes":16777216,"sheet_cells":100000,"run_cost":"one","rows_first":2000,"rows_last":500,"rows_between":2000,"halvings":0,"cell_chars":16384,"cell_head_chars":4096},"cells_cut":0,"cells_raw":0,"read":"whole","date_system":"1900"}

{"sheet":"RV1106_Board","index":0,"n_rows":144,"n_cols":24,"rows_kept":144,"cut":false,"hidden":false,"merged":[[4,4,4,5],[4,6,4,7],[141,4,141,15],[142,4,142,15],[143,4,143,15],[3,0,3,1],[3,9,3,14],[0,0,1,2],[0,3,0,8],[0,9,0,13],[1,3,1,8],[1,9,1,13],[2,0,2,1],[2,9,2,14]]}
[null,null,null,{"$f":"UPPER(\"Bill of Materials\")","v":"BILL OF MATERIALS"},{"$nulls":5},"Rev:"]
[null,null,null,"RV1106-Board",{"$nulls":5},"Production QTY"]
["Customer:",null,"Aithings","HW version:","5.0",null,"Checked by:",null,null,"Date created:"]
["Board code:",null,"RV1106 Board","Prepared by:","Ducdv",null,"Approved by:",null,null,"08/05/2026"]
[]
["STT","Internal Code","Category","Description","Manufacturer","Partnumber","Manufacturer 2","Manufacturer's Part Number 2","Designator","QTY / Set","Production quantity","Total Quantity","Unit","Mounting type","Note","EXW Price\n(USD)","Total EXW Price\n(USD)","Supplier","Việc cần làm"]
[1,null,"SOM","PCIE-RV1106 PCIE","RONGPIN","PCIE-RV1106 PCIE",null,null,"SOM",1,1000,{"$f":"J7*K7","v":1000},"pcs","SMD",{"$nulls":9},1]
[2,null,"IC","LTE CAT 1 module, 4G + (GNSS)","SIMCOM","A7677S",null,null,"U12",1,1000,1000,"pcs","SMD",{"$nulls":9},1]
[3,null,"IC","GNSS Module with GPS, GLONASS, BDS, Galileo, QZSS, High Sensitivity, Low Power Consumption","SIMCom Wireless Solutions","SIM65M-C",null,null,"M2",1,1000,1000,"pcs","SMD"]
[4,null,"PCB","PCB, 4 layer, 135.1 mm x 134.772 mm, PCB Thickness: 1,56mm, Material Type: FR-4 TG155","JLC",{"$nulls":4},1,1000,1000,"pcs","ASM",{"$nulls":9},1]
[5,null,"IC","4Ch HD/SD Analog Video Decoder","CHIPUP","XS9922B",null,null,"U6",1,1000,1000,"pcs","ASM",{"$nulls":9},1]
[6,null,"IC","Costoptimized high performance RX microcontroller with enhanced touch key function and 5V operation support.","Renesas Electronics","R5F51303ADFM",null,null,"U23",1,1000,1000,"pcs","SMD",{"$nulls":9},1]
[7,null,"Connector","RJ45Receptacle 1 WithLED Plugin Ethernet Connectors / Modular Connectors (RJ45 RJ11) ROHS","HANRUN(Zhongshan HanRun Elec)","HR911105A",null,null,"J10",1,1000,1000,"pcs","TH",{"$nulls":9},"C3,C21"]
[8,null,"Connector","NANO SIM+TF /NANO SIM*2","MUP","M6110-01 & M6110-31",null,null,"J6",1,1000,1000,"pcs","SMD",{"$nulls":9},"C4"]
[9,null,"IC","IC DRVR/RCVR MULTCH RS232 16SOIC","HGSEMI","SP3232AEIM/TR","Texas Instruments","MAX3232CDR","U11, U14, U15",3,1000,3000,"pcs","SMD",{"$nulls":9},"C32,C191,C12,C34,C171,C104,C105,C192,C197,C5,58,56,60,61,62,72,73,74,75,76,77,79,82,"]
[10,null,"Inductor","3.3A 22uH ±20% 7A SMD,12.2x12.2mm Arrays, Signal Transformers RoHS","PULSE","PF0552.223NLT","Sumida","CDRCH12D78BNP-220MC","L3",1,1000,1000,"pcs","SMD",{"$nulls":9},"C31,C190,C8,C6"]
[11,null,"LED","60mA Red Lens 615nm~635nm -20℃~+85℃ Red 50° 150mW 1.8V~2.2V DIP-6-2.54mm LED Indication - Discrete ROHS","XINGLIGHT","XL-DZ304SURD/3",null,null,"LED1, LED2",2,1000,2000,"pcs","TH",{"$nulls":9},"C9,C25, C106, c193,c174,c194,c195, c175,C22"]
[12,null,"Capacitor","100uF ±20% 16V Ceramic Capacitor X5R 1210","Chinocera","HGC1210R5107M160NSVK","Taiyo Yuden","EMK325ABJ107MM-T","C140, C146",2,1000,2000,"pcs","SMD",{"$nulls":9},1]
[13,null,"Connector","Card Connector NANO SIM Hinged Lid Surface Mount","MUP","C7802-02",null,null,"J23",1,1000,1000,"pcs","SMD",{"$nulls":9},1]
[14,null,"IC","1 Boost VSSOP-10-0.5mm DC DC Switching Controllers RoHS","Texas Instruments","LM3481MMX/NOPB",null,null,"U3",1,1000,1000,"pcs","SMD",{"$nulls":9},1]
[15,null,"IC","2.5MHz Buck Adjustable 800mV~28V 5A SOIC-8-EP Voltage Regulators - DC DC Switching Regulators RoHS","TI","LMR14050SDDAR",null,null,"U1",1,1000,1000,"pcs","SMD",{"$nulls":9},"C15"]
[16,null,"IC","2.5A, 3MHz Switching Charger with Dynamic Power Path Management","etasolution","ETA6003Q3Q",null,null,"U22",1,1000,1000,"pcs","SMD",{"$nulls":9},1]
[17,null,"MOSFET","100V 15A 49mΩ@10V,5A 2.8W 3.2V 1 N-Channel VSONP-8(3.1x3.1) MOSFETs ROHS","Texas Instruments","CSD19538Q3A",null,null,"Q3",1,1000,1000,"pcs","SMD",{"$nulls":9},"C179,C20"]
[18,null,"Heat Sinks","Heat Sinks 40.6×40.6×4.2mm","YG","YG-L40.6W40.6H4.2FPSY11",null,null,"H1",1,1000,1000,"pcs",{"$nulls":10},1]
[19,null,"Connector","9P Male D-Sub Bend insert 2 3A -50℃~+105℃ Push-Pull D-Sub / VGA Connectors ROHS","Ckmtw(Shenzhen Cankemeng)","D-DMR009PM-D002",null,null,"J4",1,1000,1000,"pcs","TH",{"$nulls":9},1]
[20,null,"Connector","67P Surface Mount, Right Angle SMD,P=0.5mm,Surface Mount,Right Angle Centronics Connectors RoHS","FOXCONN","AS0BC21-S40BM-7H",null,null,"J28",1,1000,1000,"pcs","SMD",{"$nulls":9},1]
[21,null,"Connector","2mm 2mm 2 12P 2x6P -40℃~+105℃ 4.3mm Top 2A Square Hole Through Hole Through Hole,P=2mm Headers, Receptacles, Female Sockets RoHS","XFCN","PM200V-12-12-H43",null,null,"J14, J15, J16",3,1000,3000,"pcs","TH",{"$nulls":9},1]
[22,null,"Capacitor","CAP CER 10uF 50V X5R 1206","FOJAN","FCC1206X106K500HT","AIDE CAPACITOR","C1206X5R106K500NT","C41, C10,  C18, C28, C30, C38, C16, C35, C45",{"$f":"1+8","v":9},1000,9000,"pcs","SMD",{"$nulls":9},1]
[23,null,"Capacitor","CAP CER 10uF 16V X5R 0805","Hottech","C0805X5R106K160NT",null,null,"C6, C8, C31, C55, C70, C71, C81, C83, C85, C90, C92, C95, C101, C107, C110, C112, C115, C117, C122, C123, C132, C136, C155, C185, C188, C190",26,1000,26000,"pcs","SMD",{"$nulls":9},1]
[24,null,"Diode","275A 1 Independent 60V 620mV@7A 7A Power-DI-5 Single Diodes RoHS","FUXINSEMI","PDS760","DIODES","PDS760-13","D3",1,1000,1000,"pcs","SMD",{"$nulls":9},1]
[25,null,"Diode","DFN1006-2 TVS Diodes ROHS","Leiditech","LM-AZ6118-01F",null,null,"D2, D4, D42, D43",4,1000,4000,"pcs","SMD"]
[26,null,"Resistor","500mW Thin Film Resistor ±100ppm/℃ ±0.5% 15mΩ 1206 Chip Resistor - Surface Mount ROHS","Yageo","PE1206DRF7W0R015L",null,null,"R21",1,1000,1000,"pcs","SMD"]
[27,null,"IC","Buck 1MHz Adjustable 600mV~7.3V 3A SOT23-5 Voltage Regulators - DC DC Switching Regulators RoHS","etasolution","ETA3409S2F",null,null,"U2, U4, U7",3,1000,3000,"pcs","SMD"]
[28,null,"MOSFET","SOT-23-3 MOSFETs P-Chanel ROHS","TECH PUBLIC","SI2333CDS",null,null,"Q20, Q35, Q36",3,1000,3000,"pcs","SMD"]
[29,null,"Inductor","6A 6.8uH ±20% 39mΩ 10A SMD,7.1x6.6mm Fixed Inductors RoHS","PROD Tech","PSPMAA0605H-6R8M-ANP",null,null,"L2",1,1000,1000,"pcs","SMD"]
[30,null,"IC","500mA, low IQ, high precision, adjustable ultra-low dropout voltage regulator with enable function","TI","TLV75801PDBVR",null,null,"U5, U8, U9, U10",4,1000,4000,"pcs","SMD"]
[31,null,"Connector","1 Inner pin IPEX Board-End 1.25mm -40℃~+90℃ 3GHz 50Ω 2mm SMD Coaxial Connectors (RF) ROHS","Shenzhen Kinghelm Elec","KH-IPEX-K501-29",null,null,"J5, J7, J9",3,1000,3000,"pcs","SMD"]
[32,null,"Ferrite Bead","10mΩ ±25% 10Ω@100MHz 0603 Ferrite Beads and Chips RoHS","YJYCOIN","YI160808U100-5R0T",null,null,"E1, E2, E3, E4, E5, E16, E22, E29, E30, E31, E32",11,1000,11000,"pcs","SMD",{"$nulls":9},1]
[33,null,"MOSFET","N-Channel 30V 0.1A 0.35W Surface Mount SOT-23","JSCJ","2SK3018",null,null,"Q1, Q2, Q5, Q6, Q7, Q8, Q9, Q10, Q11, Q42",10,1000,{"$f":"J39*K39","v":10000},"pcs","SMD",{"$nulls":9},"J5, J7, J9"]
[34,null,"Capacitor","16V 47uF X5R ±20% 1206 Multilayer Ceramic Capacitors MLCC - SMD/SMT ROHS","HRE","CGA1206X5R476M160NT","Taiyo Yuden","EMK316BBJ476ML-T","C20, C179",2,1000,2000,"pcs","SMD",{"$nulls":9},1]
[35,null,"Speaker","85dB Active Buzzer (Built-in Driving Circuit) Electromagnetic 3kHz Through Hole,D=9mm Buzzers ROHS","Huaneng","HNB09A05",null,null,"BZ1",1,1000,1000,"pcs","TH",{"$nulls":9},1]
[36,null,"Ferrite Bead","FERRITE BEAD 1 KOHM 0805 1.5A","Sunlord","UPZ2012E102-1R5TF",null,null,"E6, E15, E26, E27, E28, E33",6,1000,6000,"pcs","SMD",{"$nulls":9},1]
[37,null,"Inductor","3.2A 2.2uH 5.8A 34mΩ ±20% SMD,4x4mm Fixed Inductors RoHS","ZE","ZNR3015ST2R2M",null,null,"L4, L5, L6",3,1000,3000,"pcs","SMD",{"$nulls":9},1]
[38,null,"Spacer","SMD SMT ROHS",null,"TH-0.8-0.5-M1.4",null,null,"H2",1,1000,1000,"pcs",{"$nulls":10},"D2,D4"]
[39,null,"Inductor","8A 2.2uH ±20% 8.8A 12.5mΩ SMD,7x6.6mm Fixed Inductors RoHS","zoomdo electronics","ZD0650-2R2M",null,null,"L1",1,1000,1000,"pcs","SMD",{"$nulls":9},1]
[40,null,"Transistor","TRANS NPN 40V 0.2A SOT23","TDSEMIC","MMBT3904-TD","Micro Commercial Co","MMBT3904-TP","Q4, Q12, Q16, Q17, Q19, Q21, Q23, Q24, Q25, Q26, Q27, Q28, Q29, Q30, Q31, Q32, Q33, Q34, Q37, Q38, Q39, Q41",22,1000,22000,"pcs","SMD",{"$nulls":9},1]
[41,null,"IC","SOT-26 ESD and Surge Protection (TVS/ESD) ROHS","Leiditech","SR05-04A",null,null,"U19",1,1000,1000,"pcs","SMD"]
[42,null,"Diode","DIODE SCHOTTKY 60V 3A SMAF","HY","SS36F",null,null,"D54, D55",2,1000,2000,"pcs","SMD",{"$nulls":9},1]
[43,null,"Ferrite Bead","60Ω@100MHz 1 Line Ferrite Bead 0402 600mA 150mΩ","FH","CBW100505U600T",null,null,"E7, E8, E9, E10, E11, E12, E13, E14, E17, E18, E19, E20, E21",13,1000,13000,"pcs","SMD"]
[44,null,"Switch","Without bracket 50mA 3.5mm 100000 Times 260gf 12V 3mm 2mm Round Button Standing paste SPST SMD Tactile Switches ROHS","XUNPU","TS-1090S-AR02026",null,null,"K1",1,1000,1000,"pcs","SMD",{"$nulls":9},"D20"]
[45,null,"Diode","Independent Type 10A 1.1V@10A 1kV SMC(DO-214AB) Diodes - General Purpose ROHS","GOODWORK","S10M",null,null,"D52",1,1000,1000,"pcs","SMD"]
[46,null,"IC","2mV 25nA Dual channel SOIC-8 Comparators ROHS","Texas Instruments","LM393DR",null,null,"U21",1,1000,1000,"pcs","SMD",{"$nulls":9},1]
[47,null,"Diode","50V 5.5V 20V~35V 0402 Varistors, MOVs RoHS","R+O","HMLV0402-5R5E100","TDK","B72590D50H160","D9, D10, D12, D13, D23, D24, D25, D26, D27, D28, D29",11,1000,11000,"pcs","SMD",{"$nulls":9},1]
[48,null,"MOSFET","MOSFET P-CH 30V 4.2A SOT-23","ASDsemi","ASDM3401ZA-R",null,null,"Q13",1,1000,1000,"pcs","SMD"]
[49,null,"IC","SOT-363-6 ESD and Surge Protection (TVS/ESD) ROHS","TECH PUBLIC","SMF05CT1G-P",null,null,"U18",1,1000,1000,"pcs","SMD",{"$nulls":9},"E1,E30,E2,E22,e4,e29,e5,e32,e31,e3"]
[50,null,"Diode","43.6A 9.2V 400W 6.4V Unidirectional 5V SOD-123 TVS Diodes RoHS","YTL","SMF5.0A","FUXINSEMI","PTVS5V0S1UR","D39, D40, D41, D44, D45",5,1000,5000,"pcs","SMD",{"$nulls":9},"E6,E33"]
[51,null,"Capacitor","16V 100nF X7R ±10% 0402 Multilayer Ceramic Capacitors MLCC - SMD/SMT ROHS","Yageo","CC0402KRX7R7BB104",null,null,"C5, C12, C32, C34, C42, C50, C51, C52, C54, C56, C58, C60, C61, C62, C63, C64, C65, C66, C67, C68, C69, C72, C73, C74, C75, C76, C77, C78, C79, C80, C82, C84, C86, C87, C88, C89, C91, C93, C94, C96, C97, C98, C99, C100, C103, C104, C105, C108, C111, C113, C116, C118, C119, C120, C121, C124, C125, C126, C127, C128, C129, C130, C131, C135, C137, C144, C145, C148, C160, C168, C171, C172, C173, C178, C186, C189, C191, C192, C197",79,1000,79000,"pcs","SMD"]
[52,null,"Capacitor","10uF 100V 63mA@120Hz ±20% SMD,D6.3xL5.4mm Aluminum Electrolytic Capacitors - SMD ROHS","ROQANG","RVT2A100M0605",null,null,"C3, C21",2,1000,2000,"pcs","SMD",{"$nulls":9},1]
[53,null,"Inductor","90Ω@100MHz 5Ω 2 SMD-4P,0.8x0.6mm Common Mode Filters ROHS","Murata Electronics","DLM0NSN900HY2D",null,null,"L10",1,1000,1000,"pcs","SMD",{"$nulls":9},"U2,U7,U4"]
[54,null,"LED","20mA 180mcd Colorless Transparent Lens 565nm~575nm -20℃~+85℃ Positive Stick Yellow-green 120° 50mW 2.4V 0603 LED Indication - Discrete ROH","XINGLIGHT","XL-1608SYGC-04",null,null,"D1, D21, D32, D36, D56",5,1000,5000,"pcs","SMD",{"$nulls":9},1]
[55,null,"Capacitor","100V 2.2uF X7R ±10% 1206 Multilayer Ceramic Capacitors MLCC - SMD/SMT ROHS","CCTC","TCC1206X7R225K101HT",null,null,"C1",1,1000,1000,"pcs","SMD",{"$nulls":9},"U5,U8,U9,U10"]
[56,null,"Thermistor","10kΩ ±1% 310uA 3435K 100mW ±1% 0603 NTC Thermistors ROHS","Nanjing Shiheng Elec","CMFA 103F3435",null,null,"R236",1,1000,1000,"pcs","SMD",{"$nulls":9},"U11, U14, U15"]
[57,null,"Inductor","2A 2.2uH Magnetic Shielded Inductor ±20% 2A 60mΩ SMD,3x3mm Fixed Inductors RoHS","ZE","ZNR3015ST2R2M",null,null,"L7",1,1000,1000,"pcs","SMD",{"$nulls":9},1]
[58,null,"Crystal","Crystal 27MHz 10ppm 20pF 60Ω SMD2016-4P","MDH","2.D.1.270002002",null,null,"X1",1,1000,1000,"pcs","SMD",{"$nulls":9},1]
[59,null,"Capacitor","470uF ±20% 16V Aluminum Electrolytic Capacitors 2000hrs@105℃","ROQANG","RVT1C471M0810",null,null,"C13",1,1000,1000,"pcs","SMD",{"$nulls":9},1]
[60,null,"Resistor","62.5mW Thick Film Resistor 50V ±100ppm/℃ ±1% 10kΩ 0402 Chip Resistor - Surface Mount ROHS","Yageo","RC0402FR-0710KL",null,null,"R6, R13, R16, R17, R18, R25, R31, R33, R34, R35, R36, R39, R49, R100, R113, R115, R116, R120, R140, R142, R147, R155, R164, R165, R185, R186, R187, R191, R192, R193, R194, R195, R198, R199, R201, R202, R205, R234, R250, R257",40,1000,40000,"pcs","SMD",{"$nulls":9},1]
[61,null,"Capacitor","100uF 50V 146mA@120Hz ±20% SMD,D8xL10.2mm Aluminum Electrolytic Capacitors - SMD ROHS","ROQANG","RT1H101M0810",null,null,"C40",1,1000,1000,"pcs","SMD",{"$nulls":9},1]
[62,null,"Capacitor","CAP CER 1UF 50V X5R 0603","CCTC","TCC0603X5R105M500CT","Samsung Electro-Mechanics","CL10A105KB8NNNC","C15, C48, C49, C57, C59, C139, C170",7,1000,7000,"pcs","SMD",{"$nulls":9},1]
[63,null,"Diode","3A@8/20us 23V 70W@8/20us 6V 5V DFN1006-2L TVS Diodes RoHS","Wayon","WE05DGCF-B",null,null,"D7, D35",2,1000,2000,"pcs","SMD",{"$nulls":9},1]
[64,null,"Diode","Unidirectional 36V 40V 58.1V 3.4A SOD-123FL TVS RoHS","MDD(Microdiode Semiconductor)","SMF36A",null,null,"D53",1,1000,1000,"pcs","SMD",{"$nulls":9},1]
[65,null,"Diode","40V Independent 500mV@3A 3A SMA(DO-214AC) Schottky Diodes ROHS","Guangdong Hottech","SS34A",null,null,"D6",1,1000,{"$f":"J71*K71","v":1000},"pcs","SMD",{"$nulls":9},"L4,L5,L6"]
[66,null,"Capacitor","50V 100nF X7R ±10% 0603 Multilayer Ceramic Capacitors MLCC - SMD/SMT ROHS","Yageo","CC0603KRX7R9BB104",null,null,"C9, C22, C25, C36, C102, C106, C156, C158, C174, C175, C176, C193, C194, C195",14,1000,14000,"pcs","SMD"]
[67,null,"Diode","Unidirectional 5V (Max) 6.2V 18.6V 9.4A SOD-523 TVS RoHs","Tak cheong","ESD5Z5V0",null,null,"D5, D19, D30",3,1000,3000,"pcs","SMD"]
[68,null,"Capacitor","100V 100nF X7R ±10% 1206 Multilayer Ceramic Capacitors MLCC - SMD/SMT ROHS","Yageo","CC1206KKX7R0BB104",null,null,"C2, C19",2,1000,2000,"pcs","SMD"]
[69,null,"Capacitor","4.7uF 35V ±10% 0603 Multilayer Ceramic Capacitors MLCC - SMD/SMT ROHS","AIDE CAPACITOR","C0603X5R475K350NT",null,null,"C157",1,1000,1000,"pcs","SMD"]
[70,null,"Capacitor","C0G 33pF 50V ±5% 0402 Multilayer Ceramic Capacitors MLCC - SMD/SMT ROHS","Samsung Electro-Mechanics","CL05C330JB5NNNC",null,null,"C46, C47, C149, C150, C151, C159, C7, C141",{"$f":"6 + 2","v":8},1000,8000,"pcs","SMD",{"$nulls":9},"D1"]
[71,null,"Resistor","62.5mW Thick Film Resistors 50V ±100ppm/℃ ±1% 4.7kΩ 0402 Chip Resistor - Surface Mount ROHS","Yageo","RC0402FR-074K7L",null,null,"R37, R38, R45, R64, R73, R80, R96, R97, R103, R134, R135, R141, R144, R148, R206, R211, R213, R218, R220, R221, R244, R251, R254, R260",24,1000,24000,"pcs","SMD"]
[72,null,"MOSFET","50V 200mA 225mW 5.6Ω@2.75V,200mA 500mV 1 N-channel SOT-23 MOSFETs ROHS","LRC","LBSS139LT1G",null,null,"Q22",1,1000,1000,"pcs","SMD"]
[73,null,"Resistor","62.5mW Thick Film Resistor 50V ±1% ±200ppm/℃ 10Ω 0402 Chip Resistor - Surface Mount ROHS","Yageo","RC0402FR-0710RL",null,null,"R77, R81, R82, R85, R87, R88, R91, R92, R151, R253",10,1000,10000,"pcs","SMD",{"$nulls":9},1]
[74,null,"Diode","DIODE ZENER 5.1V 500MW SOD123","\tDiodes Incorporated","MMSZ5231B-7-F",null,null,"D8",1,1000,1000,"pcs","SMD",{"$nulls":9},1]
[75,null,"Diode","DIODE GEN PURP 1KV 1A SMA","TDSEMIC","1N4007 M7",null,null,"D20, D47, D48",3,1000,3000,"pcs","SMD",{"$nulls":9},"Q5,Q6,Q7,Q8,Q9,Q10,Q11,Q1,Q2,Q42"]
[76,null,"Resistor","62.5mW Thick Film Resistor 50V ±100ppm/℃ ±1% 1kΩ 0402 Chip Resistor - Surface Mount ROHS","Yageo","RC0402FR-071KL",null,null,"R9, R53, R78, R83, R86, R90, R94, R95, R102, R111, R112, R149, R156, R188, R189, R190, R196, R204, R233, R249, R256, R263",22,1000,22000,"pcs","SMD",{"$nulls":9},1]
[77,null,"Capacitor","50V 100pF NP0 ±1% 0402 Multilayer Ceramic Capacitors MLCC - SMD/SMT ROHS","Yageo","CC0402FRNPO9BN101",null,null,"C44, C133, C143, C161, C162, C166, C167, C169",8,1000,8000,"pcs","SMD",{"$nulls":9},1]
[78,null,"Resistor","62.5mW Thick Film Resistor 50V ±100ppm/℃ ±1% 2.2kΩ 0402 Chip Resistor - Surface Mount ROHS","Yageo","RC0402FR-072K2L",null,null,"R32, R51, R52, R63, R71, R72, R76, R129, R130, R131, R208, R209, R210, R215, R216, R217, R255, R259",18,1000,18000,"pcs","SMD"]
[79,null,"Resistor","62.5mW 0Ω 50V ±1% Thick Film Resistors 0402 Chip Resistor - Surface Mount ROHS","Yageo","RC0402FR-070RL",null,null,"R56, R57, R58, R59, R61, R65, R66, R67, R68, R70, R74, R75, R98, R99, R119, R138, R154, R157, R246, R247",20,1000,20000,"pcs","SMD"]
[80,null,"Connector","Connector Header 2 position 2.5mm Pitch Right Angle","BOOMELE(Boom Precision Elec)","XH-2AW",null,null,"J17",1,1000,1000,"pcs","TH",{"$nulls":9},1]
[81,null,"Resistor","62.5mW Thick Film Resistor 50V ±100ppm/℃ ±1% 47kΩ 0402 Chip Resistor - Surface Mount ROHS","Yageo","RC0402FR-0747KL",null,null,"R136, R137, R146, R150, R207, R212, R214, R219, R222, R223, R243, R245, R252, R258",14,1000,14000,"pcs","SMD",{"$nulls":9},"R27,R2"]
[82,null,"Resistor","50V Thick Film Resistors 62.5mW 22Ω ±1% ±100ppm/℃ 0402 Chip Resistor - Surface Mount ROHS","Yageo","RC0402FR-0722RL",null,null,"R41, R43, R47, R48, R60, R62, R69, R106, R107, R108, R109, R110, R124",13,1000,13000,"pcs","SMD",{"$nulls":9},1]
[83,null,"Capacitor","2.2uF ±10% 6.3V X5R 0603 Multilayer Ceramic Capacitors MLCC - SMD/SMT RoHS","\tSamsung Electro-Mechanics","CL10A225KQ8NNNC",null,null,"C4, C154",2,1000,2000,"pcs","SMD",{"$nulls":9},1]
[84,null,"Capacitor","50V 470nF X7R ±10% 0603 Multilayer Ceramic Capacitors MLCC - SMD/SMT ROHS","Yageo","CC0603KRX7R9BB474",null,null,"C23",1,1000,1000,"pcs","SMD",{"$nulls":9},"R5,R10"]
[85,null,"LED","20mA 225mcd Colorless Transparent Lens -20℃~+85℃ Positive Stick 620nm~630nm Red 120° 50mW 2.3V 0603 LED Indication - Discrete ROH","XINGLIGHT","XL-1608SURC-06",null,null,"D22, D33",2,1000,2000,"pcs","SMD",{"$nulls":9},"R13, r16,R25,R18,R250,R33,R257,R6,R34,R35,R164,R165,R17,R49,"]
[86,null,"Capacitor","CAP CER 22UF 6.3V X5R 0603","Samsung Electro-Mechanics","CL10A226MQ8NRNE",null,null,"C53",1,1000,1000,"pcs","SMD",{"$nulls":9},1]
[87,null,"Resistor","62.5mW Thick Film Resistor 50V ±100ppm/℃ ±1% 100kΩ 0402 Chip Resistor - Surface Mount ROHS","Yageo","RC0402FR-07100KL",null,null,"R2, R27, R40, R44, R46, R114, R238, R240, R242",9,1000,9000,"pcs","SMD",{"$nulls":9},1]
[88,null,"Connector","Connector Header 2 position 2.5mm Pitch Through Hole"," \tBOOMELE(Boom Precision Elec)","XH-2A",null,null,"J26",1,1000,1000,"pcs","TH",{"$nulls":9},"R256,R9,R53,R78,R83,R86,R90,R102,R94,R95,249,111,112,233,263,149,156,188,196,204,R190,189"]
[89,null,"Resistor","62.5mW 2.2Ω 50V Thick Film Resistor ±1% ±200ppm/℃ 0402 Chip Resistor - Surface Mount RoHS","YAGEO","YAGEO RC0402FR-072R2L",null,null,"R122, R123, R125, R126",4,1000,4000,"pcs","SMD",{"$nulls":9},1]
[90,null,"LED","LED YELLOW CLEAR 0603 SMD","XINGLIGHT","XL-1608UYC-06","Wurth Electronics Inc,","150060YS75000","D31",1,1000,1000,"pcs","SMD",{"$nulls":9},1]
[91,null,"Inductor","180mA 68nH ±5% 1.4Ω 0402 Fixed Inductors RoHS","FH","VHF100505HQ68NJT",null,null,"L9",1,1000,1000,"pcs","SMD",{"$nulls":9},1]
[92,null,"Capacitor","CAP CER 4.7UF 6.3V X5R 0603","AIDE CAPACITOR","C0603X5R475K6R3NT",null,null,"C196",1,1000,1000,"pcs","SMD",{"$nulls":9},"R15"]
[93,null,"Inductor","700mA 47nH 160mΩ ±5% 0402 Fixed Inductors RoHS",null,"VHF100505HQ47NJT",null,null,"L8",1,1000,1000,"pcs","SMD",{"$nulls":9},1]
[94,null,"Capacitor","50V 10pF C0G ±5% 0805 Multilayer Ceramic Capacitors MLCC - SMD/SMT ROHS","CCTC","TCC0805COG100J500BT","PSA(Prosperity Dielectrics)","FN21N100J500PAG","C142",1,1000,1000,"pcs","SMD",{"$nulls":9},1]
[95,null,"Resistor","62.5mW 118kΩ 50V Thick Film Resistor ±100ppm/℃ ±0.5% 0402 Chip Resistor - Surface Mount RoHS","Yageo","RC0402DR-07118KL",null,null,"R3",1,1000,1000,"pcs","SMD",{"$nulls":9},1]
[96,null,"Resistor","62.5mW Thick Film Resistor 50V ±100ppm/℃ ±1% 75Ω 0402 Chip Resistor - Surface Mount ROHS","Yageo","RC0402FR-0775RL",null,null,"R79, R84, R89, R93",4,1000,4000,"pcs","SMD",{"$nulls":9},1]
[97,null,"Resistor","RES 0 OHM 1206 JUMPER 1/4W SMD","YAGEO","RC1206JR-070RL",null,null,"R166",1,1000,{"$f":"J103*K103","v":1000},"pcs","SMD",{"$nulls":9},1]
[98,null,"Resistor","RES SMD 0 OHM JUMPER 1/10W 0603","YAGEO","RC0603JR-070RL",null,null,"R30, R121, R168",3,1000,3000,"pcs","SMD",{"$nulls":9},"R24"]
[99,null,"Resistor","62.5mW Thick Film Resistor 50V ±100ppm/℃ ±1% 100Ω 0402 Chip Resistor - Surface Mount ROHS","Yageo","RC0402FR-07100RL",null,null,"R15, R104, R105, R152",4,1000,4000,"pcs","SMD",{"$nulls":9},"R26"]
[100,null,"Resistor","RES SMD 1 OHM 1% 1/10W 0603","YAGEO","RC0603FR-071RL",null,null,"R1",1,1000,1000,"pcs","SMD"]
[101,null,"Resistor","RES SMD 10K OHM 1% 1/10W 0603","Yageo, Hottech","RC0603FR-0710KL, RI0603L1002FT",null,null,"R24, R235",2,1000,2000,"pcs","SMD"]
[102,null,"Capacitor","50V 56nF X7R ±10% 0603 Multilayer Ceramic Capacitors MLCC - SMD/SMT ROHS","Yageo","CC0603KRX7R9BB563",null,null,"C27",1,1000,1000,"pcs","SMD",{"$nulls":9},"R255,R51,R52,R63,R72"]
[103,null,"Capacitor","50V 75pF NP0 ±5% 0603 Multilayer Ceramic Capacitors MLCC - SMD/SMT ROHS","Yageo","CC0603JRNPO9BN750",null,null,"C26",1,1000,1000,"pcs","SMD",{"$nulls":9},"R254, R251,64,73,37,38,45,103,97,260,96,80,134,135,144,244,141,148,206,211,213,218,220,221"]
[104,null,"Capacitor","22pF ±5% 50V Ceramic Capacitor NP0 0402","Yageo","CC0402JRNPO9BN220",null,null,"C17, C29,C37",3,1000,3000,"pcs","SMD",{"$nulls":9},"R47,R48,R41,R43"]
[105,null,"Capacitor","560 pF ±10% 50V Ceramic Capacitor X7R 0603 (1608 Metric)","Yageo","CC0603KRX7R9BB561",null,null,"C24",1,1000,1000,"pcs","SMD"]
[106,null,"Capacitor","CAP CER 100PF 50V X7R 0603","YAGEO","CC0603KRX7R9BB101",null,null,"C39",1,1000,1000,"pcs","SMD"]
[107,null,"Capacitor","CAP CER 0.1UF 50V X7R 0603","AIDE CAPACITOR","C0603X7R104K500NT",null,null,"C165",1,1000,1000,"pcs","SMD"]
[108,null,"Resistor","62.5mW 499kΩ 50V Thick Film Resistor ±100ppm/℃ ±1% 0402 Chip Resistor - Surface Mount RoHS","Yageo","RC0402FR-07499KL",null,null,"R26, R241",2,1000,2000,"pcs","SMD"]
[109,null,"Resistor","62.5mW Thick Film Resistor 50V ±100ppm/℃ ±1% 15kΩ 0402 Chip Resistor - Surface Mount ROHS","Yageo","RC0402FR-0715KL",null,null,"R50, R139",2,1000,2000,"pcs","SMD",{"$nulls":9},"R74,R75,R246,R247"]
[110,null,"Resistor","62.5mW 4.02Ω 50V Thick Film Resistor ±1% ±200ppm/℃ 0402 Chip Resistor - Surface Mount RoHS","Yageo","RC0402FR-074R02L",null,null,"R54",1,1000,1000,"pcs","SMD",{"$nulls":9},"77,82,87,91,81,85,88,92,253,151"]
[111,null,"Resistor","RES 1.1kΩ ±1% 62.5mW 0402","UNI-ROYAL","0402WGF1101TCE",null,null,"R5, R10",2,1000,2000,"pcs","SMD"]
[112,null,"Resistor","62.5mW Thick Film Resistor 50V ±100ppm/℃ ±1% 590kΩ 0402 Chip Resistor - Surface Mount ROHS","Yageo","AC0402FR-07590KL",null,null,"R200",1,1000,1000,"pcs","SMD"]
[113,null,"Resistor","226kΩ 62.5mW 50V Thick Film Resistor ±100ppm/℃ ±1% 0402 Chip Resistor - Surface Mount RoHS","Yageo","AC0402FR-07226KL",null,null,"R237",1,1000,1000,"pcs","SMD"]
[114,null,"Capacitor","8.2nF ±10% 50V Ceramic Capacitor X7R 0402","Yageo","CC0402KRX7R9BB822",null,null,"C14",1,1000,1000,"pcs","SMD",{"$nulls":9},"R252"]
[115,null,"Resistor","100mW 0Ω 75V Thick Film Resistor ±5% 0603 Chip Resistor - Surface Mount RoHS","Yageo","RC0603JR-070RL",null,null,"R28",1,1000,1000,"pcs","SMD",{"$nulls":9},1]
[116,null,"Resistor","52.3kΩ ±1% 62.5mW 0402 Thick Film Resistor","Yageo","RC0402FR-0745K3L",null,null,"R12",1,1000,1000,"pcs","SMD"]
[117,null,"Resistor","45.3kΩ ±1% 62.5mW 0402 Thick Film Resistor","Yageo","RC0402FR-0745K3L",null,null,"R23",1,1000,1000,"pcs","SMD"]
[118,null,"Resistor","62.5mW Thick Film Resistor 50V ±100ppm/℃ ±1% 20kΩ 0402 Chip Resistor - Surface Mount ROHS","Yageo","RC0402FR-0720KL",null,null,"R171",1,1000,1000,"pcs","SMD"]
[119,null,"Resistor","62.5mW Thick Film Resistor 50V ±100ppm/℃ ±1% 68kΩ 0402 Chip Resistor - Surface Mount ROHS","Yageo","RC0402FR-0768KL",null,null,"R4",1,1000,1000,"pcs","SMD"]
[120,null,"Resistor","51.1kΩ 62.5mW 50V Thick Film Resistor ±100ppm/℃ ±1% 0402 Chip Resistor - Surface Mount RoHS","Yageo","RC0402FR-0751K1L",null,null,"R7",1,1000,1000,"pcs","SMD"]
[121,null,"Resistor","12kΩ 62.5mW 50V Thick Film Resistor ±100ppm/℃ ±1% 0402 Chip Resistor - Surface Mount RoHS","Yageo","RC0402FR-0712KL",null,null,"R8",1,1000,1000,"pcs","SMD"]
[122,null,"Resistor","62.5mW Thick Film Resistor 50V ±100ppm/℃ ±1% 1.91kΩ 0402 Chip Resistor - Surface Mount ROHS","Yageo","RC0402FR-071K91L",null,null,"R20",1,1000,1000,"pcs","SMD",{"$nulls":9},1]
[123,null,"Resistor","62.5mW 1MΩ 50V Thick Film Resistor ±100ppm/℃ ±1% 0402 Chip Resistor - Surface Mount RoHS","Yageo","RC0402FR-071ML",null,null,"R42",1,1000,1000,"pcs","SMD"]
[124,null,"Resistor","1.2kΩ ±1% 62.5mW 0402 Thick Film Resistor","Yageo","RC0402FR-071K2L",null,null,"R55",1,1000,1000,"pcs","SMD",{"$nulls":9},"Q4,Q41,Q12,Q34,Q16,Q17, Q39, Q19,Q38,Q37,Q21,Q23,Q26,Q27,Q24,Q25,Q28,Q29,Q30,Q31,Q32,Q33"]
[125,null,"Resistor","220Ω 62.5mW 50V Thick Film Resistor ±100ppm/℃ ±1% 0402 Chip Resistor - Surface Mount RoHS","Yageo","RC0402FR-07220RL",null,null,"R101",1,1000,1000,"pcs","SMD",{"$nulls":9},1]
[126,null,"Resistor","62.5mW Thick Film Resistor 50V ±100ppm/℃ ±1% 470Ω 0402 Chip Resistor - Surface Mount ROHS","Yageo","RC0402FR-07470RL",null,null,"R163",1,1000,1000,"pcs","SMD",{"$nulls":9},1]
[127,null,"Resistor","62.5mW Thick Film Resistor 50V ±100ppm/℃ ±1% 3.3kΩ 0402 Chip Resistor - Surface Mount ROHS","Yageo","RC0402FR-073K3L",null,null,"R203",1,1000,1000,"pcs","SMD",{"$nulls":9},"J14, J15, J16"]
[128,null,"Resistor","62.5mW Thick Film Resistor 50V ±100ppm/℃ ±1% 105kΩ 0402 Chip Resistor - Surface Mount ROHS","Yageo","RC0402FR-07105KL",null,null,"R11",1,1000,1000,"pcs","SMD",{"$nulls":9},1]
[129,null,"Resistor","62.5mW Thick Film Resistor 50V ±100ppm/℃ ±1% 34kΩ 0402 Chip Resistor - Surface Mount ROHS","Yageo","RC0402FR-0734KL",null,null,"R22",1,1000,{"$f":"J135*K135","v":1000},"pcs","SMD",{"$nulls":9},1]
[130,null,"Resistor","8.45kΩ ±1% 62.5mW 0402 Thick Film Resistor","Yageo","RC0402FR-078K45L",null,null,"R29",1,1000,1000,"pcs","SMD",{"$nulls":9},1]
[131,null,"Resistor","57kΩ 62.5mW 50V Thick Film Resistor ±100ppm/℃ ±1% 0402 Chip Resistor - Surface Mount RoHS","Yageo","RC0402FR-07357KL",null,null,"R239",1,1000,1000,"pcs","SMD"]
[132,null,"Capacitor","680pF ±10% 50V Ceramic Capacitor X7R 0402","FOJAN, SAMWHA","FCC0402B681K500AT",null,null,"C11",1,1000,1000,"pcs","SMD"]
[133,null,"Resistor","62.5mW Thick Film Resistor 50V ±100ppm/℃ ±1% 84.5kΩ 0402 Chip Resistor - Surface Mount ROHS","Yageo","RC0402FR-0784K5L",null,null,"R14",1,1000,1000,"pcs","SMD",{"$nulls":9},1]
[134,null,"Resistor","62.5mW Thick Film Resistor 50V ±100ppm/℃ ±1% 21.5kΩ 0402 Chip Resistor - Surface Mount ROHS","Yageo","RC0402FR-0721K5L",null,null,"R19",1,1000,1000,"pcs","SMD"]
[135,null,"Stencil","Stencil for Cambox RV1106",{"$nulls":5},1,1,{"$f":"J141*K141","v":1},"pcs","ASM"]
[{"$nulls":4},"TOTAL (USD):",{"$nulls":11},{"$f":"SUM(Q7:Q141)","v":0}]
[{"$nulls":4},"EXW Price / Board (USD):",{"$nulls":11},{"$f":"Q142/1000","v":0}]
[{"$nulls":4},"EXW Price / Board (VND):"]